Nico e Ana querem ser bombeiros (Registo nº 5638)
[ vista simples ]
| 000 -Etiqueta do registo | |
|---|---|
| Valores | 00596nam a22001931i 4500 |
| 090 ## - | |
| -- | 5638 |
| 100 ## - Dados gerais de processamento | |
| Dados gerais | 20170304u u u0frey50 ba |
| 101 0# - Língua de publicação | |
| -- | por |
| 200 1# - Titulo e menção de responsabilidade | |
| Primeira menção de responsabilidade | D. Juan Capdevila |
| Título próprio | Nico e Ana querem ser bombeiros |
| 215 ## - Descrição física | |
| Paginação / Volumes | [27] p. |
| Outras indicações físicas | il. |
| Dimensões | 26 cm |
| 210 ## - Publicação | |
| Nome do editor | Europa-América |
| Local de publicação | Mem Martins |
| 225 2# - Colecção | |
| Título próprio da colecção | Nico e Ana |
| 410 #0 - | |
| -- | Nico e Ana |
| 702 #1 - Autor secundário (pessoa individual) | |
| Apelido | Quintela |
| Nome | Mariana |
| -- | 730 |
| 701 #1 - Co-autor principal (pessoa individual) | |
| Apelido | Denou |
| Nome | Violeta |
| -- | 440 |
| 700 #1 - Autor principal (pessoa individual) | |
| Apelido | Capdevila |
| Nome | D. Juan |
| -- | 070 |
| 996 ## - ISO2709 | |
| -- | 0006123 |
| -- | NIC Inf |
| -- | 00000000 |
| -- | 00000000 |
| -- | BMVA |
| -- | 1 |
| -- | Viana do Alentejo |
| -- | Literatura Infantil |
| -- | 35 |
| -- | Livro |
| -- | 0 |
| -- | 1 |
| 990 ## - Elementos KOHA | |
| Tipo de documento | Livro |
| Situação do levantamento | Estado | Biblioteca de origem | Biblioteca de empréstimo | Código de barras | Cota | Permissão de empréstimo | Tipo de documento |
|---|---|---|---|---|---|---|---|
| Completo | Biblioteca Municipal de Viana Do Alentejo | Biblioteca Municipal de Viana Do Alentejo | 0007996 | 8 CAP | Disponível | Livro |